01176nam a2200277 a 4500001000400000003001000004005001700014008004100031020001800072040002500090080002500115090002500140245023600165260003200401300002000433500002200453504002500475650005400500650005300554700003700607700004300644700005700687942001200744952012900756999001300885828BR-CuiBMT20231121024628.0230731s2018 dfb 000 0 por d a9788595270268 aBR-CuiBMTcBR-CuiBMT 22007a347.963-056.26 a347.963-056.26bM66500aMinistério Público, sociedade e a lei brasileira de inclusão da pessoa com deficiência /corganizadores Eugênia Augusta Gonzaga, Jorge Luiz Ribeiro de Medeiros ; [autores Ana Cláudia Mendes de Figueiredo ... et. al.].  aBrasília :bESMPU,c2018. a302 p. ;c23 cm aVários autores. aInclui bibliografia. aMinistério público xDireitos humanoszBrasil aPessoa com deficiênciavLegislaçãozBrasil1 aGonzaga, Eugênia Augusta4org.1 aMedeiros, Jorge Luiz Ribeiro de.4org.1 aFigueiredo, Ana Cláudia Mendes deeet al.eautores 2udccLV 00102udc4070aBIBTCEMTbBIBTCEMTd2023-11-20l0o347.963-056.26 M665pBIBTCEMT23110766r2023-11-20tEx. 1w2023-11-20yLV c828d828